MARC

LEADER 00000naa2a2200000 4500
001 634907
005 20231102024747.0
035 |a (RuTPU)RU\TPU\conf\36733 
035 |a RU\TPU\conf\36732 
090 |a 634907 
100 |a 20220930d2014 k y0rusy50 ca 
101 0 |a rus 
102 |a RU 
105 |a y z 101zy 
135 |a drgn ---uucaa 
181 0 |a i  
182 0 |a b 
200 1 |a Героика повестей Константина Воробьёва  |f Е. В. Мельникова 
203 |a Текст  |c электронный 
225 1 |a Военная история России. Военная история Древней Руси, Российской империи, СССР и Российской Федерации 
230 |a 1 компьютерный файл (pdf; 213 Кб) 
300 |a Заглавие с титульного экрана 
320 |a [Библиогр.: с. 165 (3 назв.)] 
337 |a Adobe Reader 
463 0 |0 (RuTPU)RU\TPU\conf\5405  |t Салют, Победа!  |o сборник трудов IV Всероссийской научно-практической военно-исторической конференции с международным участием, 14 мая 2014 г., г. Юрга  |f Национальный исследовательский Томский политехнический университет (НИ ТПУ), Юргинский технологический институт (ЮТИ) ; под ред. Д. А. Чинахова  |v [С. 163-165]  |d 2014 
610 1 |a труды учёных ТПУ 
610 1 |a электронный ресурс 
610 1 |a писатели 
610 1 |a творчество 
610 1 |a героизм 
700 1 |a Мельникова  |b Е. В.  |c лингвист  |c старший преподаватель Юргинского технологического института (филиала) Томского политехнического университета  |f 1972-  |g Елена Владимировна  |2 stltpush  |3 (RuTPU)RU\TPU\pers\24752  |9 10993 
712 0 2 |a Национальный исследовательский Томский политехнический университет  |b Юргинский технологический институт  |c (2009- )  |h 349  |2 stltpush  |3 (RuTPU)RU\TPU\col\15903 
801 2 |a RU  |b 63413507  |c 20221107  |g RCR 
856 4 |u http://earchive.tpu.ru/handle/11683/73744 
942 |c BK